ASOIAF - All known Velaryon - Statistics

General Stats
  • This quiz has been taken 206 times
  • The average score is 38 of 49
Answer Stats
M/F Birth Death Father Mother Name Nickname Dragon % Correct
M 7 BC ? Velaryon ? Corlys Ser -
99%
M 53 AC 132 AC Velaryon ? Corlys Sea Snake -
99%
M 94 AC 120 AC Velaryon Targaryen Laenor Prince Consort Seasmoke
98%
F 92 AC 120 AC Velaryon Targaryen Laena Lady Vhagar
97%
F 134 AC ? Velaryon Targaryen Laena - -
97%
M 115 AC 129 AC Velaryon Targaryen Lucerys Strong Arrax
96%
M ? ? Velaryon ? Lucerys Lord of the Tides -
96%
F 23 AC 73 AC Targaryen Velaryon Rhaena Black Bride Dreamfyre
96%
F 116 AC ? Targaryen Velaryon Rhaena Dragon Twin Morning
96%
F 147 AC 171 AC Targaryen Velaryon Rhaena Septa -
96%
M 117 AC 130 AC Velaryon Targaryen Joffrey Strong Tyraxes
95%
F 116 AC ? Targaryen Velaryon Baela Dragon Twin Moondancer
94%
M 114 AC 130 AC Velaryon Targaryen Jacaerys Strong Vermax
94%
F 25 BC 10 AC Targaryen Velaryon Rhaenys Conqueror Meraxes
94%
M 114 AC 130 AC Velaryon Hull Addam Ser Seasmoke
93%
M 27 BC 37 AC Targaryen Velaryon Aegon Conqueror Balerion
93%
M 26 AC 43 AC Targaryen Velaryon Aegon Uncrowned Quicksilver
93%
F 7 AC 54 AC Velaryon Massey Alyssa Dowager Queen -
92%
F 29 BC 44 AC Targaryen Velaryon Visenya Conqueror Vhagar
91%
F 36 AC 100 AC Targaryen Velaryon Alysanne Good Queen Silverwing
89%
M 115 AC ? Velaryon Hull Alyn Oakenfist -
88%
M 34 AC 103 AC Targaryen Velaryon Jaehaerys Concilliator Vermithor
88%
M 144 AC 171 AC Targaryen Velaryon Baelor Blessed / Beloved -
82%
M 29 AC 44 AC Targaryen Velaryon Viserys Prince -
82%
F 145 AC 171 AC Targaryen Velaryon Daena Defiant -
80%
M ? 126 AC Velaryon ? Vaemond Ser -
79%
M 23 BC 2 BC Velaryon ? Daemon First Master of Ships -
78%
M ? ? Velaryon Massey Daemon Hand of the King -
78%
M ? 133 AC Velaryon ? Daeron Captain of True Heart -
75%
M 143 AC 161 AC Targaryen Velaryon Daeron Boy King -
75%
F 127 AC ? Velaryon Harte Daenaera Little Queen -
69%
F 54 AC ? Baratheon Velaryon Jocelyn Lady -
69%
F 150 AC 220 AC Targaryen Velaryon Elaena Lady of Parchments -
68%
M ? ? Velaryon Targaryen Jon Waters -
66%
F 39 AC 39 AC Targaryen Velaryon Vaella Princess -
65%
F ? ? Velaryon Targaryen Valaena Lady of Dragonstone -
65%
F ? ? Velaryon Targaryen Jeyne Waters -
64%
M 52 AC ? Baratheon Velaryon Boremund Lord of Storm's End -
60%
M ? 299 AC Velaryon ? Monford Lord of the Tides -
56%
M 293 AC - Velaryon ? Monterys Lord of the Tides -
53%
M ? ? Velaryon ? Daemion - -
52%
M 11 BC ? Velaryon ? Aethan Lord Admiral -
50%
M ? ? Velaryon ? Corwyn - -
50%
M ? ? Velaryon ? Victor - -
47%
F ? 54 AC Velaryon ? Lianna - -
46%
M ? 132 AC Velaryon ? Rhogar Ser -
46%
F ? ? Velaryon ? Larissa Lady -
45%
M ? 132 AC Velaryon ? Malentine Ser -
45%
M ? ? Velaryon ? Jorgen - -
43%
No matching quizzes found
Score Distribution
Percent of People with Each Score
Percentile by Number Answered
Your Score History
You have not taken this quiz